Pendidikan agama dan kaitannya dengan libur sekolah bulan puasa

Bibliographic Details
Format: Book
Published: Jakarta : Mercu Baru , [1900]
Subjects:

MARC

LEADER 00000cam a2200000 7i4500
001 0000006239
005 20140325093000.0
008 021119s1900
090 0 0 |a BP43   |b .P46 1900 
245 0 0 |a Pendidikan agama dan kaitannya dengan libur sekolah bulan puasa 
260 2 |a Jakarta :   |b Mercu Baru ,   |c [1900] 
650 0 |a Islamic religious education 
650 0 |a Islam   |x Study and teaching 
999 |a 1000001275   |b Book   |c OPEN SHELF (30 DAYS)   |e Gong Badak Campus